1423 1748 1119 1876 1825 1407 1918 1772 1529 1866 1056 1605 1457 1529 1284 1301 1984 1024 1228 1114 1941 1373 1325 1232 1473 1076 1683 1164 1606 1364 1182 1598 1715 1269 1523 1997 1906 1322 1514 1085 1651 1517 1844 1475 1374 1340 1505 1722 1561 1163 1375 1547 1529 1512 1423 1029 1760 1409 1226 1052 1723 1156 1331 1447 1871 1977 1771 1528 1392 1342 1637 1890 1918 2000 1182 1745 1446 1132 1780 1670 1190 1897 1169 1260 1464 1377 1974 1498 1565 1034 1551 1651 1680 1774 1363 1111 1089 1514 1433 BCNSPRNW ULIB Ver.6.0+V

เปลี่ยนเป็นภาษาไทย

Change to English
 แสดงรายละเอียดบรรณานุกรม
  กลับหน้าหลัก

Brief Record : Get Marc (ISO 2709) : E-mail record : QR code < ปิดหน้าต่าง
LEADER : 00000nam 2200000uu 4500
001    13399107874
003     ULIB
008    110208s2551||||th 000 0 tha d
020    9789740518150
060 04 WY157^bป621พ 2551
100 0  ปิยะนุช พรหมสาขา ณ สกลนคร
245 10 พฤติกรรมส่งเสริมสุขภาพและการพยาบาลเพื่อการส่งเสริมสุขภาพหลังคลอด /^cปิยะนุช พรหมสามา ณ สกลนคร
250    พิมพ์ครั้งที่ 1 (ฉบับปรับปรุง ครั้งที่ 2)
260    อุดรธานี :^bโรงพิมพ์ศักดิ์ศรีอักษรการพิมพ์,^c2551
300    96 หน้า ;^c29 ซม.
504    มีบรรณานุกรมและดัชนี
650  7 การส่งเสริมสุขภาพ
650  7 การพยาบาลสูติศาสตร์
650  7 การดูแลภายหลังคลอด
945    ^p90^l0^i025567
945    ^p90^l0^i025566
945    ^p90^l0^i025564
945    ^p90^l0^i025563
945    ^p90^l0^i025562
945    ^p90^l0^i025561
945    ^p90^l0^i023691
945    ^p90^l0^i023690
945    ^p90^l0^i023689
945    ^p90^l0^i025565
945    ^p90^l0^i023692
995    ทศพร
999 ^a ใช้งานได้ทุกระบบ
รายการนี้ยังไม่มีแท็ก
คุณยังไม่ได้ล็อกอิน คุณสามารถมีกิจกรรมร่วมกับเว็บไซต์ได้ แต่ต้องล็อกอินก่อน ::
  ล็อกอิน

รายการสื่อสารสนเทศ

ลำดับที่ ประเภท เลขเรียก/บาร์โค้ด สถานที่ สถานะ
- ไม่พบข้อมูล -

รายการใกล้เคียง
    ผู้แต่ง [ปิยะนุช พรหมสาขา ณ สกลนคร]

    หัวเรื่อง [การส่งเสริมสุขภาพ]
    หัวเรื่อง [การพยาบาลสูติศาสตร์]
    หัวเรื่อง [การดูแลภายหลังคลอด]

BibComment


ยังไม่เคยถูกคอมเมนท์

คอมเมนท์ทรัพยากรรายการนี้
  คอมเมนท์: พฤติกรรมส่งเสริมส..


 Copyright 2026. Bcnsprnw @Library